[Event "Madrid ch - Previa A"]
[Site "Madrid ESP"]
[Date "2007.11.17"]
[Round "7.7"]
[White "Garcia Reino, Eduardo"]
[Black "Marcos Herrero, Francisco"]
[Result "1-0"]
[WhiteElo "1860"]
[BlackElo "1940"]
[PlyCount "63"]
[EventDate "2007.11.01"]
[EventType "swiss"]
[EventRounds "9"]
[EventCountry "ESP"]
[Source "lmi"]
[SourceDate "2007.11.01"]

1. e4 d6 2. d4 Nf6 3. Nc3 g6 4. Nf3 Bg7 5. Bd3 O-O 6. Be3 Nbd7 7. Qd2 e5 8. Bh6
exd4 9. Nxd4 Nc5 10. Bxg7 Kxg7 11. O-O-O b5 12. f3 b4 13. Nd5 Nxd3+ 14. Qxd3 c5
15. Nc6 Qd7 16. Nxf6 Kxf6 17. Qxd6+ Qxd6 18. Rxd6+ Be6 19. Rhd1 a5 20. Nd8 Re8
21. Nxe6 fxe6 22. Rc6 Re7 23. Rxc5 Rb7 24. Rc6 a4 25. Rdd6 b3 26. Rxe6+ Kf7 27.
cxb3 axb3 28. a3 Rd8 29. Red6 Rxd6 30. Rxd6 Rc7+ 31. Kd1 Rc2 32. Rd2 1-0

[Event "Madrid ch - Previa A"]
[Site "Madrid ESP"]
[Date "2007.11.17"]
[Round "7.8"]
[White "Cañas Muñoz, Oscar"]
[Black "Roman Rodriguez, Pablo"]
[Result "1-0"]
[WhiteElo "1862"]
[BlackElo "1916"]
[PlyCount "61"]
[EventDate "2007.11.01"]
[EventType "swiss"]
[EventRounds "9"]
[EventCountry "ESP"]
[Source "lmi"]
[SourceDate "2007.11.01"]

1. e4 e5 2. Nf3 Nc6 3. Bc4 Nf6 4. Ng5 d5 5. exd5 Nd4 6. c3 Nf5 7. O-O Nd6 8. d3
Nxc4 9. dxc4 Bd6 10. f4 O-O 11. fxe5 Bxe5 12. Qd3 h6 13. Rxf6 hxg5 14. Rf1 f5
15. Be3 f4 16. Bd4 Bf5 17. Qd1 Bf6 18. Nd2 Qd6 19. g4 Bg6 20. Qf3 Rfe8 21. Rae1
b6 22. Ne4 Qf8 23. Nxf6+ gxf6 24. Re6 Rxe6 25. dxe6 Rd8 26. Qc6 Qe7 27. c5 Kg7
28. b4 Bd3 29. Re1 Bc4 30. Qe4 Bd5 31. Qf5 1-0

[Event "Madrid ch - Previa A"]
[Site "Madrid ESP"]
[Date "2007.11.17"]
[Round "7.9"]
[White "Rodriguez Ballespin, Daniel"]
[Black "Garcia Salamero, Gabriel"]
[Result "1/2-1/2"]
[WhiteElo "1849"]
[BlackElo "1895"]
[PlyCount "65"]
[EventDate "2007.11.01"]
[EventType "swiss"]
[EventRounds "9"]
[EventCountry "ESP"]
[Source "lmi"]
[SourceDate "2007.11.01"]

1. e4 e5 2. Nc3 Nf6 3. g3 Bc5 4. d3 d6 5. Na4 Bb6 6. Nxb6 axb6 7. c3 O-O 8. Bg2
Re8 9. Ne2 d5 10. Qc2 c6 11. O-O Nbd7 12. Bg5 h6 13. Bd2 dxe4 14. dxe4 Nc5 15.
Be3 Qd3 16. Qxd3 Nxd3 17. b3 Nc5 18. Bxc5 bxc5 19. Rfd1 Be6 20. c4 Red8 21. Nc3
Rd4 22. Kf1 Rad8 23. Ke2 Bg4+ 24. f3 Be6 25. Rac1 Kf8 26. Ke1 Ke7 27. Rc2 Rxd1+
28. Nxd1 Rd4 29. Nc3 Kd8 30. Rd2 Kc7 31. Ne2 Rxd2 32. Kxd2 Nd7 33. Nc3 1/2-1/2

[Event "Madrid ch - Previa A"]
[Site "Madrid ESP"]
[Date "2007.11.17"]
[Round "7.10"]
[White "Hernandez del Can, Jose"]
[Black "Sanchez Rodajo, Pedro Luis"]
[Result "0-1"]
[WhiteElo "1914"]
[BlackElo "1717"]
[PlyCount "100"]
[EventDate "2007.11.01"]
[EventType "swiss"]
[EventRounds "9"]
[EventCountry "ESP"]
[Source "lmi"]
[SourceDate "2007.11.01"]

1. c4 c5 2. Nc3 Nf6 3. Nf3 Nc6 4. e3 e6 5. d4 d5 6. Be2 Be7 7. O-O O-O 8. cxd5
exd5 9. Ne5 a6 10. Nxc6 bxc6 11. Bf3 Bf5 12. Re1 Ne4 13. Bxe4 Bxe4 14. Nxe4
dxe4 15. Qc2 Qd5 16. dxc5 Bxc5 17. b3 Rad8 18. Bb2 Be7 19. Rac1 c5 20. Qe2 Qd2
21. Ba3 Qa5 22. Bb2 Rd2 23. Bc3 Rxe2 24. Bxa5 Rxa2 25. Bb6 Rc8 26. Rc3 Rc6 27.
Ba7 Rd2 28. b4 c4 29. Bc5 Bxc5 30. Rxc4 Rd5 31. Rec1 Rcd6 32. g3 Rd1+ 33. Rxd1
Rxd1+ 34. Kg2 Bf8 35. Rxe4 Rb1 36. Rc4 Rxb4 37. Rc8 a5 38. Ra8 a4 39. h3 Rc4
40. f4 a3 41. Kf3 Rc2 42. h4 g6 43. g4 a2 44. f5 Kg7 45. e4 Bb4 46. g5 gxf5 47.
exf5 h5 48. gxh6+ Kxh6 49. Rh8+ Kg7 50. Ra8 Bc3 0-1

[Event "Madrid ch - Previa A"]
[Site "Madrid ESP"]
[Date "2007.11.17"]
[Round "7.11"]
[White "Franco Rincon, David"]
[Black "Baeza Escudero, Javier"]
[Result "0-1"]
[WhiteElo "1713"]
[BlackElo "1900"]
[PlyCount "58"]
[EventDate "2007.11.01"]
[EventType "swiss"]
[EventRounds "9"]
[EventCountry "ESP"]
[Source "lmi"]
[SourceDate "2007.11.01"]

1. e4 c5 2. Nf3 d6 3. d4 cxd4 4. Nxd4 Nf6 5. f3 e5 6. Nb3 d5 7. exd5 Nxd5 8.
Bc4 Qh4+ 9. g3 Qxc4 10. N1d2 Qa6 11. Ne4 Be6 12. Bd2 Nd7 13. Rc1 Be7 14. c4 Nb4
15. Be3 O-O 16. a3 Nc6 17. Nbd2 Nd4 18. Ng5 Bxg5 19. Bxg5 Nc5 20. O-O f6 21.
Be3 Rfd8 22. Qe1 Nd3 23. Qd1 Nxb2 24. Qe1 Nd3 25. Qd1 Nxc1 26. Bxd4 Rxd4 27.
Qxc1 Rad8 28. Ne4 Rxc4 29. Qb2 Qb6+ 0-1

[Event "Madrid ch - Previa A"]
[Site "Madrid ESP"]
[Date "2007.11.17"]
[Round "7.12"]
[White "Benito Aragoneses, Miguel Angel"]
[Black "Gallo Restrepo, German"]
[Result "1-0"]
[WhiteElo "1722"]
[BlackElo "1891"]
[PlyCount "73"]
[EventDate "2007.11.01"]
[EventType "swiss"]
[EventRounds "9"]
[EventCountry "ESP"]
[Source "lmi"]
[SourceDate "2007.11.01"]

1. d4 f5 2. c4 Nf6 3. Nc3 g6 4. g3 Bg7 5. Bg2 d6 6. Nh3 c6 7. O-O O-O 8. Re1
Nbd7 9. Nf4 Nb6 10. Qb3 e6 11. d5 e5 12. Ne6 Bxe6 13. dxe6 Nc8 14. Qxb7 Ne7 15.
Rb1 a5 16. Qb3 Rb8 17. Qc2 Qc8 18. e4 Qxe6 19. b3 Kh8 20. Ba3 c5 21. Bb2 fxe4
22. Nxe4 Qf5 23. Re2 Nxe4 24. Bxe4 Qf7 25. Qd2 Rbd8 26. Qxa5 Nf5 27. Bd5 Qf6
28. f4 Nd4 29. Rf2 Qf5 30. Re1 Nc2 31. Be4 Qg4 32. Bxc2 Ra8 33. Qd2 Rxa2 34.
Bd1 Qh3 35. fxe5 Rfa8 36. Rf7 Qe6 37. Rxg7 1-0

[Event "Madrid ch - Previa A"]
[Site "Madrid ESP"]
[Date "2007.11.17"]
[Round "7.13"]
[White "Gonzalez Recas, Fernando"]
[Black "Mosteiro Montoro, Alvaro"]
[Result "1-0"]
[WhiteElo "1888"]
[BlackElo "1870"]
[PlyCount "111"]
[EventDate "2007.11.01"]
[EventType "swiss"]
[EventRounds "9"]
[EventCountry "ESP"]
[Source "lmi"]
[SourceDate "2007.11.01"]

1. e4 c5 2. Nf3 Nc6 3. d4 cxd4 4. Nxd4 e5 5. Nb5 Nf6 6. N1c3 a6 7. Na3 b5 8.
Nd5 Nxe4 9. c3 Nf6 10. Nc2 Bc5 11. Be3 d6 12. Be2 Be6 13. Nxf6+ Qxf6 14. Bxc5
dxc5 15. Qd6 Rc8 16. Bf3 Bd7 17. Qxf6 gxf6 18. O-O-O Ke7 19. Ne3 Be6 20. Nd5+
Bxd5 21. Rxd5 Rhd8 22. Rxc5 Rd6 23. Rd1 Rxd1+ 24. Kxd1 Rd8+ 25. Kc2 Nb8 26. g4
Ke6 27. Be4 h6 28. f3 Kd6 29. b4 Ke7 30. h3 Nd7 31. Rc7 Kf8 32. Rc6 Nb8 33.
Rxf6 Kg7 34. Rb6 Rc8 35. Bb7 Rc7 36. Bxa6 Nxa6 37. Rxa6 Rb7 38. Kd3 f6 39. a4
Kg6 40. axb5 Rxb5 41. Kc4 Rb7 42. Kc5 Kg5 43. b5 Re7 44. Kd6 Rg7 45. b6 Kf4 46.
Ra7 Rg8 47. b7 Rb8 48. Kc7 Rxb7+ 49. Kxb7 Kxf3 50. c4 e4 51. c5 e3 52. c6 e2
53. Ra1 Kf2 54. c7 e1=Q 55. Rxe1 Kxe1 56. c8=Q 1-0

[Event "Madrid ch - Previa A"]
[Site "Madrid ESP"]
[Date "2007.11.17"]
[Round "7.14"]
[White "Algaba Traspuesto, Jose Antonio"]
[Black "Vazquez Moreno, Luis"]
[Result "0-1"]
[WhiteElo "1828"]
[BlackElo "1749"]
[PlyCount "44"]
[EventDate "2007.11.01"]
[EventType "swiss"]
[EventRounds "9"]
[EventCountry "ESP"]
[Source "lmi"]
[SourceDate "2007.11.01"]

1. e4 e5 2. Nf3 Nc6 3. d4 exd4 4. Bc4 Nf6 5. e5 d5 6. Bb5 Qe7 7. O-O Ne4 8.
Nxd4 Bd7 9. b3 Nxe5 10. Ba3 c5 11. Bxd7+ Qxd7 12. Nf3 Nc6 13. Re1 Be7 14. c4
Qf5 15. Qxd5 Qf6 16. Nbd2 Nxd2 17. Qxd2 Rd8 18. Qc2 O-O 19. Bb2 Qf4 20. a3 Bf6
21. Bxf6 Qxf6 22. Re2 Qxa1+ 0-1

[Event "Madrid ch - Previa A"]
[Site "Madrid ESP"]
[Date "2007.11.17"]
[Round "7.15"]
[White "Valderrama Arroyo, Victor"]
[Black "Martin Calero, Jorge"]
[Result "1-0"]
[WhiteElo "1891"]
[BlackElo "1708"]
[PlyCount "57"]
[EventDate "2007.11.01"]
[EventType "swiss"]
[EventRounds "9"]
[EventCountry "ESP"]
[Source "lmi"]
[SourceDate "2007.11.01"]

1. d4 d5 2. c4 c6 3. e3 e6 4. Nc3 Nf6 5. Nf3 Nbd7 6. Bd3 Bd6 7. O-O O-O 8. Re1
dxc4 9. Bxc4 e5 10. e4 exd4 11. Nxd4 Qc7 12. h3 Ne5 13. Bb3 Rd8 14. Be3 Bc5 15.
f4 Ng6 16. e5 Nh5 17. Qxh5 Bxd4 18. f5 Nf4 19. Qh4 Bxe3+ 20. Rxe3 Nd5 21. Nxd5
cxd5 22. f6 Bf5 23. fxg7 Qc5 24. Rae1 Re8 25. Qf6 Bg6 26. Qd6 Qd4 27. Qxd5 Qxb2
28. e6 Rad8 29. exf7+ 1-0

[Event "Madrid ch - Previa A"]
[Site "Madrid ESP"]
[Date "2007.11.17"]
[Round "7.16"]
[White "Espinosa Delgado, Miguel"]
[Black "Arias de Reyna Martinez, Francisco"]
[Result "1-0"]
[WhiteElo "1836"]
[BlackElo "1665"]
[PlyCount "75"]
[EventDate "2007.11.01"]
[EventType "swiss"]
[EventRounds "9"]
[EventCountry "ESP"]
[Source "lmi"]
[SourceDate "2007.11.01"]

1. d4 Nf6 2. Nf3 d5 3. Bg5 e6 4. Nbd2 Nbd7 5. e3 Be7 6. Bd3 O-O 7. O-O c6 8.
Ne5 Nb6 9. c3 Nfd7 10. Bf4 f5 11. Ndf3 Nf6 12. Nd2 Ne4 13. f3 Nxd2 14. Qxd2 Bd7
15. Rae1 c5 16. e4 cxd4 17. cxd4 Rc8 18. Rc1 g5 19. Rxc8 Nxc8 20. Nxd7 Qxd7 21.
Bxg5 dxe4 22. Bc4 Nd6 23. Bb3 exf3 24. Bxe7 Qxe7 25. Rxf3 Ne4 26. Qf4 Qf6 27.
Qe5 Qxe5 28. dxe5 Re8 29. Rxf5 Kg7 30. Rf3 Nd2 31. Rg3+ Kf7 32. Rd3 Nxb3 33.
Rxb3 Re7 34. Kf2 Kg6 35. Rf3 Rc7 36. Rf6+ Kg5 37. Kg3 Rc4 38. Rxe6 1-0

[Event "Madrid ch - Previa A"]
[Site "Madrid ESP"]
[Date "2007.11.17"]
[Round "7.17"]
[White "Sánchez Ródenas, José Antonio"]
[Black "Pintado Luna, Julián"]
[Result "1/2-1/2"]
[WhiteElo "1795"]
[BlackElo "1979"]
[PlyCount "116"]
[EventDate "2007.11.01"]
[EventType "swiss"]
[EventRounds "9"]
[EventCountry "ESP"]
[Source "lmi"]
[SourceDate "2007.11.01"]

1. d4 Nf6 2. c4 e6 3. Nf3 c5 4. d5 exd5 5. cxd5 d6 6. Nc3 b5 7. Nxb5 Qa5+ 8.
Nc3 Ne4 9. Qa4+ Qxa4 10. Nxa4 Bb7 11. Ng5 Bxd5 12. Nxe4 Bxe4 13. Nc3 Bb7 14. e4
Be7 15. Bc4 Nc6 16. Nd5 Bd8 17. O-O O-O 18. Bf4 Ne5 19. Bxe5 dxe5 20. Rfd1 Kh8
21. Rd3 a5 22. a4 f5 23. f3 fxe4 24. fxe4 Ba6 25. Bxa6 Rxa6 26. Rad1 c4 27. Rf3
Rxf3 28. gxf3 h5 29. h3 h4 30. Ne3 Bb6 31. Kf2 Bd4 32. Ke2 Bxb2 33. Nxc4 Bd4
34. Rb1 Rg6 35. Nxa5 Rg2+ 36. Kd3 Rg3 37. Rf1 Rxh3 38. Nc6 Bb2 39. a5 Ba3 40.
a6 Bc5 41. a7 Bxa7 42. Nxa7 g5 43. Ke2 Rh2+ 44. Rf2 Rh1 45. Nc6 h3 46. Nxe5 h2
47. Nf7+ Kg7 48. Nxg5 Re1+ 49. Kxe1 h1=Q+ 50. Ke2 Qh6 51. f4 Qh5+ 52. Ke3 Qd1
53. Rf3 Kf8 54. Kf2 Ke7 55. Kg2 Kf6 56. Kf2 Ke7 57. Ke3 Kf8 58. Kf2 Ke7 1/2-1/2

[Event "Madrid ch - Previa A"]
[Site "Madrid ESP"]
[Date "2007.11.17"]
[Round "7.18"]
[White "Vicario Ramirez, Celestino"]
[Black "Gonzalez Marquez, Jorge"]
[Result "0-1"]
[WhiteElo "1724"]
[BlackElo "1928"]
[PlyCount "76"]
[EventDate "2007.11.01"]
[EventType "swiss"]
[EventRounds "9"]
[EventCountry "ESP"]
[Source "lmi"]
[SourceDate "2007.11.01"]

1. e4 e6 2. g3 d5 3. Bg2 dxe4 4. Bxe4 Nf6 5. Bg2 Bd7 6. d3 Bc6 7. Nf3 Bc5 8.
O-O O-O 9. Bg5 h6 10. Be3 Na6 11. d4 Bb6 12. c3 Bd5 13. b4 c6 14. Re1 Nc7 15.
Bf1 a5 16. c4 Bxf3 17. Qxf3 axb4 18. c5 Ba5 19. Nd2 Qd5 20. Qe2 Nb5 21. Bg2
Nxd4 22. Bxd4 Qxd4 23. Nb3 Qd7 24. Rad1 Qe7 25. Qc4 Nd5 26. Bxd5 exd5 27. Qd4
Qf6 28. Qxf6 gxf6 29. Re7 b5 30. Nxa5 Rxa5 31. Rc7 Ra6 32. Rb1 Rd8 33. Re1 Rxa2
34. Rxc6 b3 35. Rb6 b2 36. Rxb5 d4 37. Rb1 d3 38. R5xb2 Rxb2 0-1

[Event "Madrid ch - Previa A"]
[Site "Madrid ESP"]
[Date "2007.11.17"]
[Round "7.20"]
[White "Gonzalez Ayuso, Gonzalo"]
[Black "Fernandez Martinez, Jose"]
[Result "1/2-1/2"]
[WhiteElo "1821"]
[BlackElo "1822"]
[PlyCount "128"]
[EventDate "2007.11.01"]
[EventType "swiss"]
[EventRounds "9"]
[EventCountry "ESP"]
[Source "lmi"]
[SourceDate "2007.11.01"]

1. d4 d5 2. c4 dxc4 3. e3 Nf6 4. Bxc4 e6 5. Nf3 c5 6. O-O Nc6 7. Nc3 cxd4 8.
Nxd4 Nxd4 9. Qxd4 Qxd4 10. exd4 a6 11. Re1 b5 12. Bb3 Bb7 13. Bg5 Be7 14. Rac1
O-O 15. Ne4 Bb4 16. Nc3 Nd5 17. Bxd5 Bxd5 18. Nxd5 exd5 19. Re2 Rfe8 20. Be3
Rac8 21. Rec2 Rc4 22. a3 Ba5 23. b3 Rxc2 24. Rxc2 h6 25. Kf1 Bb6 26. Rc6 Re6
27. Rc8+ Kh7 28. Ra8 Re4 29. Rxa6 Bxd4 30. Bxd4 Rxd4 31. Ke2 Re4+ 32. Kd3 f6
33. Rd6 Re1 34. Rxd5 Ra1 35. Rxb5 Rxa3 36. Kc4 Ra2 37. Rf5 Rc2+ 38. Kb5 Kg6 39.
Rf3 Kf7 40. b4 Rb2 41. Kc5 Ke7 42. b5 Kd7 43. b6 Rc2+ 44. Kb5 Kc8 45. Ka6 Ra2+
46. Kb5 Rb2+ 47. Kc6 Rc2+ 48. Kd6 Rb2 49. Rc3+ Kb7 50. Rc7+ Kxb6 51. Rxg7 Rxf2
52. Rg6 h5 53. Ke6 f5 54. Ke5+ Kc7 55. Rg5 h4 56. h3 Kd7 57. Rg6 Rf1 58. Rh6
Rf2 59. Rxh4 Rxg2 60. Kxf5 Ke7 61. Rg4 Rh2 62. h4 Kf8 63. Kg5 Kg7 64. h5 Kh7
1/2-1/2

[Event "Madrid ch - Previa A"]
[Site "Madrid ESP"]
[Date "2007.11.23"]
[Round "8.1"]
[White "Esquivias Gómez, Francisco J."]
[Black "Pérez Martínez, José Manuel"]
[Result "0-1"]
[WhiteElo "2021"]
[BlackElo "1982"]
[PlyCount "128"]
[EventDate "2007.11.01"]
[EventType "swiss"]
[EventRounds "9"]
[EventCountry "ESP"]
[Source "lmi"]
[SourceDate "2007.11.01"]

1. e4 e6 2. d4 d5 3. e5 c5 4. Nf3 Nc6 5. Bd3 cxd4 6. O-O Bc5 7. a3 a5 8. Re1
Nge7 9. h4 b6 10. Qe2 Qc7 11. Bf4 Qa7 12. Nbd2 Ba6 13. b4 Bxd3 14. Qxd3 axb4
15. axb4 Qxa1 16. Rxa1 Rxa1+ 17. Kh2 Nxb4 18. Qb5+ Nbc6 19. Nb3 Ra8 20. Nxc5
bxc5 21. Qxc5 O-O 22. Bg5 Rfe8 23. Bxe7 Nxe7 24. Qxd4 Rac8 25. Qd3 h6 26. Nd2
Ng6 27. Nf3 Rc7 28. g3 Rec8 29. h5 Ne7 30. Nd4 Rc3 31. Qd2 R8c4 32. Kg2 Nc6 33.
Nb5 Rxc2 34. Qd1 Rc5 35. Nd6 Nxe5 36. Qb1 Nd7 37. Qb7 Rc7 38. Qa8+ Nf8 39. g4
R7c6 40. Qd8 Rc7 41. g5 Rd7 42. Qb6 hxg5 43. h6 gxh6 44. Ne8 Re7 45. Nf6+ Kg7
46. Qd4 e5 47. Nh5+ Kg6 48. Qd3+ Kxh5 49. Qxc2 Ne6 50. Qf5 Nf4+ 51. Kf3 e4+ 52.
Ke3 Ne6 53. Qxd5 Ng7 54. Qd8 Nf5+ 55. Ke2 Kg6 56. Qg8+ Ng7 57. Qd8 Re6 58. Qc8
f5 59. Qd7 h5 60. Qd8 h4 61. Qh8 f4 62. Kf1 e3 63. f3 e2+ 64. Ke1 Re8 0-1

[Event "Madrid ch - Previa A"]
[Site "Madrid ESP"]
[Date "2007.11.23"]
[Round "8.2"]
[White "Sanz Esteban, Eduardo"]
[Black "Tejedor Ariza, Francisco"]
[Result "1/2-1/2"]
[WhiteElo "1939"]
[BlackElo "1987"]
[PlyCount "43"]
[EventDate "2007.11.01"]
[EventType "swiss"]
[EventRounds "9"]
[EventCountry "ESP"]
[Source "lmi"]
[SourceDate "2007.11.01"]

1. d4 d5 2. Nf3 Nf6 3. e3 e6 4. Bd3 Bd6 5. O-O Nbd7 6. Nbd2 O-O 7. c3 c6 8. e4
dxe4 9. Nxe4 Nxe4 10. Bxe4 e5 11. dxe5 Nxe5 12. Nxe5 Bxe5 13. Be3 h6 14. Qxd8
Rxd8 15. Rad1 Be6 16. Bb1 Bc7 17. f3 Bb6 18. Bf2 Kf8 19. b3 Ke7 20. Bc2 Rxd1
21. Rxd1 Rd8 22. Rxd8 1/2-1/2

[Event "Madrid ch - Previa A"]
[Site "Madrid ESP"]
[Date "2007.11.23"]
[Round "8.3"]
[White "Cabañas Bravo, Juan Andrés"]
[Black "Merino Araguas, José Javier"]
[Result "1/2-1/2"]
[WhiteElo "2004"]
[BlackElo "1909"]
[PlyCount "49"]
[EventDate "2007.11.01"]
[EventType "swiss"]
[EventRounds "9"]
[EventCountry "ESP"]
[Source "lmi"]
[SourceDate "2007.11.01"]

1. e4 e6 2. d4 d5 3. Nc3 Nf6 4. Bg5 Be7 5. e5 Nfd7 6. h4 Bxg5 7. hxg5 Qxg5 8.
Nh3 Qe7 9. Qg4 g6 10. Bd3 Nc6 11. Nf4 Nf8 12. Bb5 Bd7 13. O-O-O a6 14. Ba4
O-O-O 15. Rh6 Kb8 16. Bxc6 Bxc6 17. Rdh1 f5 18. Qe2 Qb4 19. Qe3 Qe7 20. a3 g5
21. Nd3 b6 22. R1h5 Rg8 23. Qe2 Bb7 24. f4 g4 25. g3 1/2-1/2

[Event "Madrid ch - Previa A"]
[Site "Madrid ESP"]
[Date "2007.11.23"]
[Round "8.4"]
[White "Martín Mazuelo, Miguel Ángel"]
[Black "Collado Barbas, Alberto"]
[Result "1-0"]
[WhiteElo "1983"]
[BlackElo "1886"]
[PlyCount "49"]
[EventDate "2007.11.01"]
[EventType "swiss"]
[EventRounds "9"]
[EventCountry "ESP"]
[Source "lmi"]
[SourceDate "2007.11.01"]

1. e4 e6 2. d4 d5 3. exd5 exd5 4. c4 Bb4+ 5. Nc3 Ne7 6. Nf3 O-O 7. Bd3 Bf5 8.
O-O dxc4 9. Bxc4 Bxc3 10. bxc3 Nd5 11. Ba3 Re8 12. Qb3 Be6 13. Qxb7 Nb6 14.
Bxe6 Rxe6 15. Rfe1 N8d7 16. Rxe6 fxe6 17. Qe4 Qf6 18. Re1 Re8 19. Qc6 Qf5 20.
Ne5 Nf6 21. Qxc7 Nfd5 22. Qb7 Rc8 23. Bc5 Rc7 24. Qb8+ Rc8 25. Qxa7 1-0

[Event "Madrid ch - Previa A"]
[Site "Madrid ESP"]
[Date "2007.11.23"]
[Round "8.5"]
[White "Osorio Ramos, Francisco"]
[Black "Redondo García, José Luis"]
[Result "1-0"]
[WhiteElo "1925"]
[BlackElo "1909"]
[PlyCount "73"]
[EventDate "2007.11.01"]
[EventType "swiss"]
[EventRounds "9"]
[EventCountry "ESP"]
[Source "lmi"]
[SourceDate "2007.11.01"]

1. Nf3 c5 2. c4 e6 3. Nc3 Nf6 4. e3 d5 5. d4 cxd4 6. exd4 Bb4 7. a3 Bxc3+ 8.
bxc3 Qa5 9. Bd2 a6 10. Bd3 dxc4 11. Bxc4 b5 12. Bd3 Qc7 13. a4 bxa4 14. Qxa4+
Bd7 15. Qa3 Bc6 16. Ne5 Nbd7 17. Nxc6 Qxc6 18. O-O Ne4 19. Be3 Ndf6 20. Bxa6
Nd5 21. Bb5 Rxa3 22. Bxc6+ Ke7 23. Rxa3 Nxe3 24. fxe3 Nd2 25. Rd1 Nc4 26. Ra8
Nxe3 27. Rxh8 Nxd1 28. Rxh7 Nxc3 29. Rxg7 Ne2+ 30. Kf2 Nxd4 31. Bf3 Kf6 32. Rg4
e5 33. Rxd4 exd4 34. Ke2 Ke5 35. Kd3 f6 36. h4 f5 37. g3 1-0

[Event "Madrid ch - Previa A"]
[Site "Madrid ESP"]
[Date "2007.11.23"]
[Round "8.6"]
[White "Cañas Muñoz, Óscar"]
[Black "García Reino, Eduardo"]
[Result "1/2-1/2"]
[WhiteElo "1862"]
[BlackElo "1860"]
[PlyCount "84"]
[EventDate "2007.11.01"]
[EventType "swiss"]
[EventRounds "9"]
[EventCountry "ESP"]
[Source "lmi"]
[SourceDate "2007.11.01"]

1. e4 e5 2. Nf3 Nf6 3. Nxe5 d6 4. Nf3 Nxe4 5. d4 d5 6. Bd3 Bd6 7. Be3 Bg4 8. h3
Bh5 9. a3 Qf6 10. c4 c6 11. Nc3 Bxf3 12. Qxf3 Qxf3 13. gxf3 Nxc3 14. bxc3 Nd7
15. cxd5 cxd5 16. Rb1 Bxa3 17. Rxb7 Nb6 18. Bb5+ Kf8 19. Kd2 Nc8 20. Bf4 Bd6
21. Be3 Rb8 22. Rxb8 Bxb8 23. Re1 f6 24. Kc2 Kf7 25. Rb1 Nb6 26. Bc1 Rc8 27.
Ba3 Bf4 28. Bc5 Rc7 29. Bxb6 axb6 30. Ba6 Rc6 31. Kd3 Ke7 32. Bb7 Rd6 33. Ba6
Kd7 34. Bb5+ Ke6 35. Re1+ Kf7 36. Re8 Re6 37. Rd8 Rd6 38. Rh8 h6 39. Be8+ Ke7
40. Bg6 Rd7 41. Re8+ Kd6 42. Bf5 Re7 1/2-1/2

[Event "Madrid ch - Previa A"]
[Site "Madrid ESP"]
[Date "2007.11.23"]
[Round "8.7"]
[White "Baeza Escudero, Javier"]
[Black "Rodríguez Ballespín, Daniel"]
[Result "0-1"]
[WhiteElo "1900"]
[BlackElo "1849"]
[PlyCount "112"]
[EventDate "2007.11.01"]
[EventType "swiss"]
[EventRounds "9"]
[EventCountry "ESP"]
[Source "lmi"]
[SourceDate "2007.11.01"]

1. e4 c6 2. d4 d5 3. exd5 cxd5 4. c4 Nf6 5. Nc3 Nc6 6. Nf3 Bg4 7. cxd5 Nxd5 8.
Qb3 Bxf3 9. gxf3 Nb6 10. Be3 e6 11. O-O-O Qc7 12. Kb1 O-O-O 13. d5 Nxd5 14.
Nxd5 exd5 15. Rxd5 Rxd5 16. Qxd5 Bd6 17. Bb5 Kb8 18. Rc1 Rc8 19. Qb3 Qd7 20.
Qa4 a6 21. Bd3 h6 22. Qb3 Nb4 23. Rxc8+ Qxc8 24. a3 Nxd3 25. Qxd3 Qc7 26. Qd4
Be5 27. Qa7+ Kc8 28. f4 Bxf4 29. Qa8+ Qb8 30. Qxb8+ Bxb8 31. h4 Kd7 32. Kc2 Ke6
33. Kd3 Be5 34. b3 Kd5 35. h5 b5 36. Bb6 g6 37. Be3 gxh5 38. f3 h4 39. Ke2 h5
40. f4 Bd4 41. Bd2 h3 42. Kf3 h2 43. Kg2 Ke4 44. Kxh2 Be3 45. Be1 Bxf4+ 46. Kh3
Bg5 47. Kg3 f5 48. a4 bxa4 49. bxa4 f4+ 50. Kg2 f3+ 51. Kf1 h4 52. Bf2 h3 53.
Kg1 Be3 54. a5 Bxf2+ 55. Kf1 Bg3 56. Kg1 Kd4 0-1

[Event "Madrid ch - Previa A"]
[Site "Madrid ESP"]
[Date "2007.11.23"]
[Round "8.8"]
[White "García Salamero, Gabriel"]
[Black "González Recas, Fernando"]
[Result "1-0"]
[WhiteElo "1895"]
[BlackElo "1888"]
[PlyCount "123"]
[EventDate "2007.11.01"]
[EventType "swiss"]
[EventRounds "9"]
[EventCountry "ESP"]
[Source "lmi"]
[SourceDate "2007.11.01"]

1. e4 d6 2. d4 Nf6 3. Nc3 g6 4. h3 c6 5. Be3 Qc7 6. Qd2 Bg7 7. Bh6 O-O 8. Bxg7
Kxg7 9. Nf3 Nbd7 10. O-O-O e5 11. dxe5 Nxe5 12. Qxd6 Qxd6 13. Rxd6 Nxf3 14.
gxf3 Be6 15. Ne2 Rad8 16. Rxd8 Rxd8 17. Nf4 Bc8 18. h4 h6 19. Rg1 Re8 20. Bh3
Bxh3 21. Nxh3 Nd7 22. b3 Ne5 23. Rg3 Nd7 24. Kd2 Nf6 25. Nf4 Re5 26. Ke3 Nh5
27. Rg1 Nxf4 28. Kxf4 Kf6 29. Rd1 Ke6 30. Rd8 Rh5 31. Kg3 Rc5 32. c4 b5 33.
cxb5 cxb5 34. Re8+ Kd7 35. Ra8 Rc7 36. Kf4 Ke6 37. Rb8 Rc5 38. b4 Rc2 39. Rxb5
Rxa2 40. Ra5 Rxa5 41. bxa5 a6 42. Ke3 g5 43. hxg5 hxg5 44. f4 g4 45. f5+ Ke5
46. f4+ gxf3 47. Kxf3 Kd4 48. Kf4 f6 49. Kf3 Kd3 50. e5 fxe5 51. f6 e4+ 52. Kf2
Kd2 53. f7 e3+ 54. Kf3 e2 55. f8=Q e1=Q 56. Qb4+ Kd1 57. Qxe1+ Kxe1 58. Ke3 Kf1
59. Kd4 Ke2 60. Kc5 Kd3 61. Kb6 Kc4 62. Kxa6 1-0

[Event "Madrid ch - Previa A"]
[Site "Madrid ESP"]
[Date "2007.11.23"]
[Round "8.9"]
[White "Ruiz Quevedo, Andrés"]
[Black "Vázquez Moreno, Luis"]
[Result "1-0"]
[WhiteElo "1893"]
[BlackElo "1749"]
[PlyCount "165"]
[EventDate "2007.11.01"]
[EventType "swiss"]
[EventRounds "9"]
[EventCountry "ESP"]
[Source "lmi"]
[SourceDate "2007.11.01"]

1. c4 c5 2. g3 Nc6 3. Bg2 Nf6 4. Nc3 g6 5. Nf3 Bg7 6. O-O O-O 7. d3 d6 8. Bg5
h6 9. Bd2 Be6 10. Rb1 Qc8 11. Re1 Bh3 12. Bh1 Ng4 13. Nd5 Re8 14. Nf4 Nge5 15.
Nxe5 Nxe5 16. Nxh3 Qxh3 17. Bg2 Qd7 18. b4 cxb4 19. Rxb4 Nc6 20. Rb5 b6 21. Qc1
Kh7 22. Bc3 Rab8 23. Bxg7 Kxg7 24. Qd2 Nd4 25. Qb2 e5 26. Rd5 Red8 27. e3 Ne6
28. Rb5 Nc5 29. Rd1 Na4 30. Qd2 a6 31. Rb3 f5 32. Rdb1 b5 33. Rb4 Nc5 34. d4
Ne4 35. Bxe4 fxe4 36. dxe5 dxe5 37. Qxd7+ Rxd7 38. cxb5 Rxb5 39. Rxb5 axb5 40.
Rxb5 Kf6 41. a4 Ke6 42. a5 Rd5 43. Rxd5 Kxd5 44. h4 Kc5 45. Kg2 Kb5 46. a6 Kxa6
47. Kh3 Kb5 48. Kg4 Kc4 49. h5 gxh5+ 50. Kxh5 Kd3 51. Kxh6 Ke2 52. g4 Kxf2 53.
g5 Kxe3 54. g6 Kf2 55. g7 e3 56. g8=Q e2 57. Qf8+ Ke3 58. Qc5+ Kd2 59. Qf2 Kd1
60. Qf3 Kd2 61. Qd5+ Ke3 62. Qxe5+ Kd2 63. Qd5+ Ke3 64. Qa5 Kf2 65. Qd2 Kf1 66.
Qf4+ Ke1 67. Kg5 Kd1 68. Qd4+ Kc2 69. Qg1 Kd2 70. Qf2 Kd1 71. Qf3 Kd2 72. Qd5+
Ke3 73. Qa5 Kf2 74. Qd2 Kf1 75. Qf4+ Kg2 76. Qe3 Kf1 77. Qf3+ Ke1 78. Kf4 Kd2
79. Qf2 Kd1 80. Qf3 Kd2 81. Qe3+ Kd1 82. Qd3+ Ke1 83. Ke3 1-0